[Event "CP-2016-P-00040"]
[Site "LSS email"]
[Date "2016.09.27"]
[Round "?"]
[White "Ilyin, Igor"]
[Black "Veiseh, David"]
[Result "0-1"]
[WhiteElo "2061"]
[BlackElo "1777"]
[PlyCount "98"]
[EventDate "2016.10.01"]
[EventType "tourn (corr)"]
[EventRounds "6"]
[EventCountry "GER"]
[SourceTitle "Corr 2022"]
[Source "ChessBase"]
[SourceDate "2021.10.24"]
[SourceVersion "1"]
[SourceVersionDate "2021.10.24"]
[SourceQuality "1"]

1. e4 e6 2. d4 d5 3. e5 c5 4. c3 Nc6 5. Nf3 Qb6 6. a3 Nge7 7. dxc5 Qc7 8. Nd4 Ng6 9. b4 Qxe5+ 10. Be3 Be7 11. Bd3 Nf4 12. 0-0 Nxd3 13. Qxd3 0-0 14. Nd2 Qh5 15. f4 Bd7 16. Nb5 Qg6 17. Qxg6 hxg6 18. Nd6 b6 19. a4 Bf6 20. b5 Na5 21. Rac1 Be7 22. c4 Rfd8 23. cxb6 Bxd6 24. bxa7 Bb4 25. cxd5 exd5 26. Nf3 Nc4 27. Bd4 Ba5 28. Ne5 f6 29. Nxc4 dxc4 30. Be3 c3 31. g4 Bxg4 32. b6 Bc8 33. Rb1 Bb7 34. Rb5 Rd5 35. Rxd5 Bxd5 36. Rb1 c2 37. Rb2 Be4 38. b7 Bxb7 39. Rxb7 Rxa7 40. Rb8+ Kf7 41. Kf2 Rc7 42. Bc1 Rc4 43. Ke2 Rxa4 44. Rc8 Ra2 45. Rc6 Bb4 46. Kd3 Be7 47. Rc7 Ke6 48. h3 Bd6 49. Rxg7 Kf5 0-1

[Event "CP-2016-P-00040"]
[Site "LSS email"]
[Date "2016.09.27"]
[Round "?"]
[White "Veiseh, David"]
[Black "Velasco, Jose"]
[Result "1-0"]
[WhiteElo "1777"]
[BlackElo "2037"]
[PlyCount "41"]
[EventDate "2016.10.01"]
[EventType "tourn (corr)"]
[EventRounds "6"]
[EventCountry "GER"]
[SourceTitle "Corr 2022"]
[Source "ChessBase"]
[SourceDate "2021.10.24"]
[SourceVersion "1"]
[SourceVersionDate "2021.10.24"]
[SourceQuality "1"]

1. e4 c5 2. Nf3 d6 3. d4 cxd4 4. Nxd4 Nf6 5. Nc3 a6 6. f3 e5 7. Nb3 Be6 8. Be3 h5 9. Nd5 Bxd5 10. exd5 Nbd7 11. c4 g6 12. Bd3 Bh6 13. Bxh6 Rxh6 14. Qd2 Rh8 15. 0-0 Qb6+ 16. Rf2 Kf8 17. Re1 a5 18. Nc1 Nc5 19. b3 Kg7 20. Bc2 Qb4 21. Qe3 1-0

[Event "CP-2015-P-00033"]
[Site "LSS email"]
[Date "2015.09.28"]
[Round "?"]
[White "Schubert, Steffen"]
[Black "Veiseh, David"]
[Result "1/2-1/2"]
[WhiteElo "2001"]
[BlackElo "1775"]
[PlyCount "59"]
[EventDate "2015.10.01"]
[EventType "tourn (corr)"]
[EventRounds "6"]
[EventCountry "GER"]
[SourceTitle "Corr 2022"]
[Source "ChessBase"]
[SourceDate "2021.10.24"]
[SourceVersion "1"]
[SourceVersionDate "2021.10.24"]
[SourceQuality "1"]

1. e4 c5 2. Nf3 Nc6 3. d4 cxd4 4. Nxd4 Nf6 5. Nc3 d6 6. Be2 e5 7. Nxc6 bxc6 8. Qd3 Be7 9. 0-0 0-0 10. Qg3 Ne8 11. f4 Bh4 12. Qf3 exf4 13. Bxf4 Qb6+ 14. Kh1 Qxb2 15. Rab1 Qa3 16. e5 d5 17. Bd3 Qe7 18. Ne2 Nc7 19. Bd2 Bg5 20. Bb4 c5 21. Ba5 Be6 22. Rb7 Rac8 23. Nf4 Bxf4 24. Qxf4 Rfd8 25. Bb5 a6 26. Bc6 d4 27. a4 d3 28. cxd3 Rxd3 29. Bb6 c4 30. Qc1 1/2-1/2

[Event "BI-2015-F-0000"]
[Site "LSS email"]
[Date "2015.02.12"]
[Round "?"]
[White "Correa de Almeida, Claudio"]
[Black "Veiseh, David"]
[Result "0-1"]
[WhiteElo "1530"]
[BlackElo "1806"]
[PlyCount "94"]
[EventDate "2015.02.11"]
[EventType "tourn (corr)"]
[EventRounds "10"]
[EventCountry "GER"]
[SourceTitle "Corr 2022"]
[Source "ChessBase"]
[SourceDate "2021.10.24"]
[SourceVersion "1"]
[SourceVersionDate "2021.10.24"]
[SourceQuality "1"]

1. d4 Nf6 2. c4 e6 3. Nc3 Bb4 4. e3 c5 5. Bd3 Nc6 6. Nf3 Bxc3+ 7. bxc3 d6 8. 0-0 0-0 9. Rb1 e5 10. Nd2 exd4 11. cxd4 Re8 12. Bb2 cxd4 13. Bxd4 Nxd4 14. exd4 b6 15. Qc2 Be6 16. d5 Bd7 17. Rbe1 Qc7 18. Ne4 Nxe4 19. Bxe4 g6 20. Bd3 b5 21. Rc1 bxc4 22. Bxc4 Qa5 23. Qc3 Qxc3 24. Rxc3 Rac8 25. Rcc1 a5 26. Rfd1 Kg7 27. Bd3 Ba4 28. Rf1 Rxc1 29. Rxc1 Rb8 30. Re1 Rb2 31. Re2 Rxe2 32. Bxe2 Kf6 33. f4 Kf5 34. g3 Ke4 35. Kf2 Kxd5 36. Ke3 Kc5 37. g4 Kb4 38. Ke4 Bd7 39. f5 gxf5+ 40. gxf5 Kc3 41. Kd5 Bxf5 42. Kxd6 a4 43. Bh5 a3 44. Bxf7 Bb1 45. Be6 Kb2 46. Bg8 Bxa2 47. Bxh7 Bb3 0-1

[Event "BI-2015-F-0000"]
[Site "LSS email"]
[Date "2015.02.12"]
[Round "?"]
[White "Veiseh, David"]
[Black "Pehl, Ferenc"]
[Result "1-0"]
[WhiteElo "1806"]
[BlackElo "981"]
[PlyCount "27"]
[EventDate "2015.02.11"]
[EventType "tourn (corr)"]
[EventRounds "10"]
[EventCountry "GER"]
[SourceTitle "Corr 2022"]
[Source "ChessBase"]
[SourceDate "2021.10.24"]
[SourceVersion "1"]
[SourceVersionDate "2021.10.24"]
[SourceQuality "1"]

1. e4 e6 2. d4 d5 3. Nd2 c5 4. Ngf3 c4 5. e5 f6 6. b3 fxe5 7. Nxe5 Nf6 8. bxc4 dxc4 9. c3 b5 10. a4 Ba6 11. axb5 Bxb5 12. Bxc4 Bxc4 13. Ndxc4 Nbd7 14. Ra6 1-0

[Event "BI-2015-F-0000"]
[Site "LSS email"]
[Date "2015.02.12"]
[Round "?"]
[White "Veiseh, David"]
[Black "Vodicka, Milan"]
[Result "0-1"]
[WhiteElo "1806"]
[BlackElo "2026"]
[PlyCount "60"]
[EventDate "2015.02.11"]
[EventType "tourn (corr)"]
[EventRounds "10"]
[EventCountry "GER"]
[SourceTitle "Corr 2022"]
[Source "ChessBase"]
[SourceDate "2021.10.24"]
[SourceVersion "1"]
[SourceVersionDate "2021.10.24"]
[SourceQuality "1"]

1. e4 c5 2. Nf3 d6 3. d4 cxd4 4. Nxd4 Nf6 5. Nc3 a6 6. f3 e5 7. Nb3 Be6 8. Be3 Be7 9. Be2 Nbd7 10. 0-0 Rc8 11. f4 Rxc3 12. bxc3 Nxe4 13. Bf3 Nxc3 14. Qe1 Qc7 15. Bd2 Na4 16. fxe5 Nxe5 17. Be4 0-0 18. Qg3 g6 19. Rae1 b5 20. Ba5 Qd7 21. Kh1 f5 22. Bd3 Bd5 23. Bd2 Kh8 24. Bh6 Rf7 25. Bd2 Bf6 26. Be2 Qe7 27. Qh3 Rf8 28. Bb4 Rc8 29. Bd3 Nb6 30. Re2 Qc7 0-1

[Event "CP-2014-P-00027"]
[Site "LSS email"]
[Date "2014.09.30"]
[Round "?"]
[White "Veiseh, David"]
[Black "Perez Garcia, Miguel"]
[Result "1-0"]
[WhiteElo "1833"]
[BlackElo "1423"]
[PlyCount "49"]
[EventDate "2014.10.01"]
[EventType "tourn (corr)"]
[EventRounds "6"]
[EventCountry "GER"]
[SourceTitle "Corr 2022"]
[Source "ChessBase"]
[SourceDate "2021.10.24"]
[SourceVersion "1"]
[SourceVersionDate "2021.10.24"]
[SourceQuality "1"]

1. e4 c5 2. Nf3 Nc6 3. d4 cxd4 4. Nxd4 g6 5. c4 Bg7 6. Be3 d6 7. Nc3 Nf6 8. f3 0-0 9. Qd2 a6 10. Be2 Ne8 11. 0-0 f5 12. Nxc6 bxc6 13. Rad1 fxe4 14. Nxe4 Nc7 15. b3 Bb7 16. f4 a5 17. Ng3 c5 18. f5 d5 19. cxd5 Bxd5 20. Bxc5 gxf5 21. Nxf5 Bf6 22. Qe3 Qe8 23. Bxe7 Bxe7 24. Nxe7+ Kh8 25. Qe5+ 1-0

[Event "BI-2014-P-0000"]
[Site "LSS email"]
[Date "2014.04.19"]
[Round "?"]
[White "Ausan, Leo Tito Jr"]
[Black "Veiseh, David"]
[Result "0-1"]
[WhiteElo "1205"]
[BlackElo "1860"]
[PlyCount "74"]
[EventDate "2014.04.25"]
[EventType "tourn (corr)"]
[EventRounds "10"]
[EventCountry "GER"]
[SourceTitle "Corr 2022"]
[Source "ChessBase"]
[SourceDate "2021.10.24"]
[SourceVersion "1"]
[SourceVersionDate "2021.10.24"]
[SourceQuality "1"]

1. e4 c5 2. Nf3 d6 3. d4 cxd4 4. Qxd4 Nf6 5. Bb5+ Bd7 6. Bxd7+ Nbxd7 7. 0-0 e5 8. Qe3 Be7 9. Nc3 0-0 10. Rd1 a6 11. Nh4 g6 12. Nf3 Rc8 13. h3 Qb6 14. Qh6 Rfe8 15. Ng5 Bf8 16. Qh4 h6 17. Nf3 g5 18. Qg3 Rxc3 19. bxc3 Nxe4 20. Be3 Qxe3 21. fxe3 Nxg3 22. Kh2 Ne4 23. c4 Nb6 24. Rdb1 Nxc4 25. Rxb7 Nc5 26. Ra7 Nxe3 27. Ne1 e4 28. Rb1 Bg7 29. g4 f5 30. gxf5 Nxf5 31. Kg2 e3 32. Rc7 Nh4+ 33. Kg3 Be5+ 34. Kg4 Ne4 35. Kh5 Bf4 36. Rbb7 Nf6+ 37. Kxh6 g4# 0-1

[Event "BI-2014-P-0000"]
[Site "LSS email"]
[Date "2014.04.19"]
[Round "?"]
[White "Veiseh, David"]
[Black "Pelekis, George"]
[Result "0-1"]
[WhiteElo "1860"]
[BlackElo "800"]
[PlyCount "56"]
[EventDate "2014.04.25"]
[EventType "tourn (corr)"]
[EventRounds "10"]
[EventCountry "GER"]
[SourceTitle "Corr 2022"]
[Source "ChessBase"]
[SourceDate "2021.10.24"]
[SourceVersion "1"]
[SourceVersionDate "2021.10.24"]
[SourceQuality "1"]

1. e4 d6 2. d4 Nf6 3. f3 g6 4. Be3 c6 5. Nc3 b5 6. g4 h5 7. g5 Nfd7 8. d5 Bg7 9. dxc6 Bxc3+ 10. bxc3 Nxc6 11. Bxb5 Qa5 12. Rb1 Rb8 13. a4 a6 14. Bd4 axb5 15. Bxh8 bxa4 16. Rxb8 Ndxb8 17. h4 a3 18. Ne2 a2 19. 0-0 Ba6 20. Kf2 e5 21. Qe1 Qc5+ 22. Kg2 Qe3 23. Rf2 Bc4 24. Bf6 Nd7 25. Bg7 Nd8 26. Qa1 Ne6 27. Ng1 Nf4+ 28. Kg3 Nc5 0-1

[Event "BI-2014-F-0000"]
[Site "LSS email"]
[Date "2014.02.21"]
[Round "?"]
[White "Barrilete, Petaca"]
[Black "Veiseh, David"]
[Result "0-1"]
[WhiteElo "1429"]
[BlackElo "1860"]
[PlyCount "122"]
[EventDate "2014.02.27"]
[EventType "tourn (corr)"]
[EventRounds "10"]
[EventCountry "GER"]
[SourceTitle "Corr 2022"]
[Source "ChessBase"]
[SourceDate "2021.10.24"]
[SourceVersion "1"]
[SourceVersionDate "2021.10.24"]
[SourceQuality "1"]

1. d4 Nf6 2. c4 e6 3. Nf3 b6 4. e3 Bb7 5. Nc3 d5 6. cxd5 exd5 7. Bb5+ c6 8. Bd3 Be7 9. 0-0 0-0 10. Re1 c5 11. Qc2 Nc6 12. a3 c4 13. Bf5 g6 14. Bh3 a6 15. g3 Re8 16. Bg2 Na5 17. Nd2 Bc8 18. h3 Be6 19. Qd1 Qd7 20. Qa4 Nc6 21. Kh2 b5 22. Qd1 Rad8 23. b4 h5 24. Bb2 Bf5 25. Rc1 Bf8 26. Nf3 Ne4 27. Qe2 a5 28. bxa5 Nxc3 29. Rxc3 Nxa5 30. Ne5 Qb7 31. Rd1 Bd6 32. Kg1 f6 33. Nf3 Kg7 34. Nd2 b4 35. axb4 Bxb4 36. Rcc1 Bd3 37. Qe1 Nb3 38. Rc3 Bxc3 39. Bxc3 Qb5 40. Nxb3 cxb3 41. Qd2 Bc2 42. Bf1 Qc6 43. Ra1 Ra8 44. Rxa8 Rxa8 45. Bb2 Ra2 46. Qc1 Qc8 47. e4 dxe4 48. Bg2 Qc4 49. d5 Qxd5 50. Bc3 Qd3 51. Qe1 b2 52. Bxb2 Rxb2 53. Bf1 Qd4 54. Qe3 Qxe3 55. fxe3 Bd3 56. Bg2 Re2 57. Bh1 Rxe3 58. Kf2 Re2+ 59. Kg1 e3 60. Bf3 Re1+ 61. Kg2 Rf1 0-1

[Event "BI-2014-F-0000"]
[Site "LSS email"]
[Date "2014.02.21"]
[Round "?"]
[White "Veiseh, David"]
[Black "Plotnikov, Vladimir Anatolievi"]
[Result "1-0"]
[WhiteElo "1860"]
[BlackElo "1283"]
[PlyCount "51"]
[EventDate "2014.02.27"]
[EventType "tourn (corr)"]
[EventRounds "10"]
[EventCountry "GER"]
[SourceTitle "Corr 2022"]
[Source "ChessBase"]
[SourceDate "2021.10.24"]
[SourceVersion "1"]
[SourceVersionDate "2021.10.24"]
[SourceQuality "1"]

1. e4 c5 2. Nf3 Nc6 3. d4 cxd4 4. Nxd4 Nxd4 5. Qxd4 e6 6. Nc3 a6 7. Bf4 f6 8. Be2 e5 9. Bxe5 fxe5 10. Qxe5+ Kf7 11. Qd5+ Ke8 12. Qh5+ g6 13. Qe5+ Qe7 14. Qxh8 Nf6 15. 0-0-0 b5 16. e5 Qxe5 17. Bf3 Qg5+ 18. Kb1 Rb8 19. Rd6 Kf7 20. Rxf6+ Qxf6 21. Bd5+ Qe6 22. Bxe6+ dxe6 23. Qxh7+ Bg7 24. Rd1 Rb7 25. Rd8 Bd7 26. Rg8 1-0

[Event "BI-2013-P-00003"]
[Site "LSS email"]
[Date "2013.04.22"]
[Round "?"]
[White "Monteverde, Italo"]
[Black "Veiseh, David"]
[Result "1-0"]
[WhiteElo "2171"]
[BlackElo "1876"]
[PlyCount "93"]
[EventDate "2013.04.25"]
[EventType "tourn (corr)"]
[EventRounds "12"]
[EventCountry "GER"]
[SourceTitle "Telechess CBM 163"]
[Source "ChessBase"]
[SourceDate "2014.11.11"]
[SourceVersion "2"]
[SourceVersionDate "2014.11.11"]
[SourceQuality "1"]

1. d4 Nf6 2. c4 e6 3. g3 c5 4. d5 exd5 5. cxd5 d6 6. e4 Be7 7. Qc2 0-0 8. Bf4 Nh5 9. Be3 f5 10. Be2 Qe8 11. Nc3 fxe4 12. Qxe4 Bf5 13. Qc4 Nd7 14. Nf3 Bf6 15. 0-0 Nb6 16. Qb3 Bxc3 17. bxc3 Bg4 18. Bb5 Qg6 19. Nh4 Qf7 20. f3 Bh3 21. Rfe1 Nf6 22. Bf4 Rfc8 23. c4 a6 24. Ba4 Nxa4 25. Qxa4 b5 26. Qb3 bxc4 27. Qxc4 Nxd5 28. Bxd6 Rc6 29. Be5 g5 30. Rad1 Nb4 31. Qxf7+ Kxf7 32. g4 gxh4 33. Rd7+ Kg6 34. Rg7+ Kh6 35. Bc3 Rd6 36. Ree7 Rh8 37. Bf6 Rxf6 38. g5+ Kh5 39. gxf6 Rb8 40. Re5+ Kh6 41. Re4 Kh5 42. Rxh7+ Kg6 43. Rexh4 Be6 44. R4h6+ Kf5 45. Rh5+ Kxf6 46. R7h6+ Ke7 47. Rxc5 1-0

[Event "BI-2013-P-00003"]
[Site "LSS email"]
[Date "2013.04.22"]
[Round "?"]
[White "Schulz, Hans Juergen"]
[Black "Veiseh, David"]
[Result "0-1"]
[WhiteElo "1682"]
[BlackElo "1876"]
[PlyCount "114"]
[EventDate "2013.04.25"]
[EventType "tourn (corr)"]
[EventRounds "12"]
[EventCountry "GER"]
[SourceTitle "Telechess CBM 163"]
[Source "ChessBase"]
[SourceDate "2014.11.11"]
[SourceVersion "2"]
[SourceVersionDate "2014.11.11"]
[SourceQuality "1"]

1. e4 c5 2. Nf3 d6 3. d4 cxd4 4. Nxd4 Nf6 5. Nc3 a6 6. Be3 e5 7. Nb3 Be6 8. f3 Be7 9. Qd2 Nbd7 10. g4 0-0 11. 0-0-0 b5 12. g5 Nh5 13. Nd5 Bxd5 14. exd5 Qc7 15. Kb1 Nb6 16. Rg1 Rac8 17. Na5 Nxd5 18. Qxd5 Qxa5 19. Rg4 g6 20. c3 Qc7 21. Be2 Qd7 22. Bd3 Ng7 23. Be4 a5 24. h3 b4 25. c4 Qc7 26. Bc2 Ne6 27. Ba4 Nc5 28. Bb5 a4 29. f4 a3 30. b3 Ne6 31. h4 exf4 32. Bf2 Rb8 33. h5 Qd8 34. hxg6 hxg6 35. Bc6 Bxg5 36. Bd4 Nxd4 37. Rxd4 Qf6 38. Rxg5 Rbc8 39. Rg4 Rxc6 40. Rgxf4 Qe5 41. Qf3 Rc7 42. Rfe4 Qh2 43. Qe2 Qxe2 44. Rxe2 f5 45. Rxd6 g5 46. Rg2 Rg7 47. Rd4 f4 48. Rf2 Rgf7 49. Rg2 f3 50. Rxg5+ Rg7 51. Rxg7+ Kxg7 52. Rd1 Kg6 53. Rf1 Kg5 54. Kc2 Kf4 55. Kd3 Rd8+ 56. Kc2 Rd4 57. c5 Rd5 0-1

[Event "BI-2013-P-00003"]
[Site "LSS email"]
[Date "2013.04.22"]
[Round "?"]
[White "Veiseh, David"]
[Black "Pirttimaki, Mika"]
[Result "1-0"]
[WhiteElo "1876"]
[BlackElo "1243"]
[PlyCount "65"]
[EventDate "2013.04.25"]
[EventType "tourn (corr)"]
[EventRounds "12"]
[EventCountry "GER"]
[SourceTitle "Telechess CBM 163"]
[Source "ChessBase"]
[SourceDate "2014.11.11"]
[SourceVersion "2"]
[SourceVersionDate "2014.11.11"]
[SourceQuality "1"]

1. e4 c6 2. d4 d5 3. e5 Bf5 4. Nc3 e6 5. g4 Bg6 6. Nge2 h6 7. Be3 Bb4 8. a3 Bxc3+ 9. Nxc3 Ne7 10. Qd2 Qc7 11. 0-0-0 Nd7 12. h4 0-0-0 13. h5 Bh7 14. Na4 Kb8 15. Qb4 Nc8 16. Be2 Ncb6 17. Nxb6 Nxb6 18. Rhg1 Rhg8 19. g5 hxg5 20. Rxg5 Bf5 21. Rdg1 g6 22. h6 Rh8 23. R5g3 Rh7 24. Bg5 Re8 25. Rc3 Qd7 26. a4 Ka8 27. a5 Nc8 28. a6 Nb6 29. b3 Rc8 30. Kd2 Qe8 31. axb7+ Kxb7 32. Ra1 Ra8 33. Ba6+ 1-0

[Event "BI-2012-F-00012"]
[Site "LSS email"]
[Date "2013.02.15"]
[Round "?"]
[White "Grabowski, Benedykt"]
[Black "Veiseh, David"]
[Result "1-0"]
[WhiteElo "1855"]
[BlackElo "1868"]
[PlyCount "69"]
[EventDate "2013.02.20"]
[EventType "tourn (corr)"]
[EventRounds "10"]
[EventCountry "GER"]
[SourceTitle "Telechess CBM 167"]
[Source "ChessBase"]
[SourceDate "2015.07.13"]
[SourceVersion "1"]
[SourceVersionDate "2015.07.13"]
[SourceQuality "1"]

1. e4 c5 2. Nf3 d6 3. d4 cxd4 4. Nxd4 Nf6 5. Nc3 g6 6. Be3 Bg7 7. f3 0-0 8. Qd2 Nc6 9. 0-0-0 Bd7 10. Bc4 Rc8 11. Bb3 Ne5 12. Kb1 Re8 13. h4 h5 14. Bh6 Nc4 15. Bxc4 Rxc4 16. Bxg7 Kxg7 17. Nd5 Nxd5 18. exd5 Ra4 19. b3 Ra6 20. Qc3 Kg8 21. Rhe1 Ra5 22. Qb4 Rxd5 23. Qxb7 Rc5 24. Qxa7 e5 25. Ne2 Qc8 26. Rxd6 Bf5 27. g4 hxg4 28. fxg4 Bxc2+ 29. Ka1 Be4 30. Rd7 Bd5 31. Rf1 Rf8 32. h5 Be6 33. Rd2 Rc2 34. Qa5 Bxg4 35. hxg6 1-0

[Event "BI-2012-F-00012"]
[Site "LSS email"]
[Date "2013.02.15"]
[Round "?"]
[White "Veiseh, David"]
[Black "Tyutyunnik, Roman"]
[Result "1/2-1/2"]
[WhiteElo "1868"]
[BlackElo "1969"]
[PlyCount "76"]
[EventDate "2013.02.20"]
[EventType "tourn (corr)"]
[EventRounds "10"]
[EventCountry "GER"]
[SourceTitle "Telechess CBM 167"]
[Source "ChessBase"]
[SourceDate "2015.07.13"]
[SourceVersion "1"]
[SourceVersionDate "2015.07.13"]
[SourceQuality "1"]

1. e4 e5 2. Nf3 Nc6 3. Bb5 a6 4. Ba4 Nf6 5. 0-0 Be7 6. Re1 b5 7. Bb3 0-0 8. c3 d6 9. h3 Bb7 10. d4 Re8 11. Nbd2 Bf8 12. d5 Nb8 13. Nf1 Nbd7 14. Ng3 Nc5 15. Bc2 c6 16. b4 Ncd7 17. dxc6 Bxc6 18. Bb3 h6 19. a4 bxa4 20. Bxa4 Bb7 21. Bd2 a5 22. Bb3 axb4 23. cxb4 Rxa1 24. Qxa1 Qa8 25. Qb1 d5 26. exd5 Bxd5 27. Bxd5 Qxd5 28. Ne4 Nxe4 29. Qxe4 Qxe4 30. Rxe4 f6 31. Nd4 Ra8 32. Nc2 Ra2 33. Rc4 Nb6 34. Rc6 Nd5 35. Rc4 Kf7 36. Kf1 Rb2 37. Ke2 Ke6 38. g3 Bd6 1/2-1/2

[Event "CP-2012-P-00035"]
[Site "LSS email"]
[Date "2012.10.01"]
[Round "?"]
[White "Hernandez, Orlando"]
[Black "Veiseh, David"]
[Result "0-1"]
[WhiteElo "1289"]
[BlackElo "1876"]
[PlyCount "36"]
[EventDate "2012.10.05"]
[EventType "tourn (corr)"]
[EventRounds "6"]
[EventCountry "GER"]
[SourceTitle "Corr 2015"]
[Source "ChessBase"]
[SourceDate "2015.07.17"]
[SourceVersion "1"]
[SourceVersionDate "2015.07.17"]
[SourceQuality "1"]

1. d4 Nf6 2. e3 e6 3. Bd3 c5 4. c3 d5 5. f4 Nc6 6. Nf3 Be7 7. 0-0 0-0 8. Nbd2 Ng4 9. Qe2 f5 10. h3 Nf6 11. Ne5 Ne4 12. Bxe4 fxe4 13. Qh5 cxd4 14. cxd4 Qb6 15. g4 Nxe5 16. fxe5 Bd7 17. b3 Rxf1+ 18. Nxf1 Be8 0-1

[Event "CP-2012-P-00035"]
[Site "LSS email"]
[Date "2012.10.01"]
[Round "?"]
[White "Veiseh, David"]
[Black "Cardoso Garcia, Sergio"]
[Result "1/2-1/2"]
[WhiteElo "1876"]
[BlackElo "2007"]
[PlyCount "108"]
[EventDate "2012.10.05"]
[EventType "tourn (corr)"]
[EventRounds "6"]
[EventCountry "GER"]
[SourceTitle "Telechess CBM 163"]
[Source "ChessBase"]
[SourceDate "2014.11.11"]
[SourceVersion "2"]
[SourceVersionDate "2014.11.11"]
[SourceQuality "1"]

1. e4 c5 2. Nf3 d6 3. d4 cxd4 4. Nxd4 Nf6 5. Nc3 Nc6 6. Bg5 Bd7 7. Qd2 Rc8 8. f4 Nxd4 9. Qxd4 Qa5 10. e5 dxe5 11. fxe5 e6 12. 0-0-0 Bc6 13. Nb5 Bxb5 14. exf6 Bc6 15. h4 g6 16. Bc4 Bc5 17. Qg4 h5 18. Qg3 Be4 19. Rhe1 Bf5 20. Rd5 Kf8 21. Rdd1 Kg8 22. Qb3 Qc7 23. Bd3 Bg4 24. Rd2 Kh7 25. Be4 b6 26. Bf3 Bf5 27. Red1 a5 28. Rd7 Be3+ 29. Bxe3 Qxc2+ 30. Qxc2 Rxc2+ 31. Kb1 Re2+ 32. Ka1 Rxe3 33. Rxf7+ Kh6 34. Rb7 Rf8 35. b3 e5 36. Bc6 e4 37. Bb5 Rg3 38. Bc4 Bg4 39. Rd6 Rxg2 40. Re7 b5 41. Bxb5 Rf2 42. Rxe4 R8xf6 43. Rxf6 Rxf6 44. Ra4 g5 45. hxg5+ Kxg5 46. Rxa5 Kf4 47. Bd7 Rh6 48. Ra4+ Kg3 49. Rd4 Bxd7 50. Rd3+ Kg2 51. Rxd7 h4 52. Rg7+ Kf3 53. Rf7+ Ke3 54. Re7+ Kf4 1/2-1/2